Dokumenty Evropské unie

Informácie zo záverov zasadania Európskej rady v Cannes 26. a 27. júna 1995.

Uložené v:
Podrobná bibliografia
Médium: Kapitola
Jazyk:Czech
Predmet:
Tagy: Pridať tag
Žiadne tagy, Buďte prvý, kto otaguje tento záznam!

MARC

LEADER 00000naa a2200000 4500
001 r017710
005 20221208130916.4
041 0 |a cze 
044 |a CZ 
245 1 0 |a Dokumenty Evropské unie 
520 |a Informácie zo záverov zasadania Európskej rady v Cannes 26. a 27. júna 1995. 
610 2 0 |a Európska únia 
610 2 0 |a dokumenty 
610 2 0 |a 1995 
610 2 0 |a Cannes